Finančný sprostredkovateľ a poradca v praxi odborný mesačník pre oblasť finančných služieb

Uložené v:
Podrobná bibliografia
Médium: Seriál
Jazyk:Slovak
Vydavateľské údaje: Bratislava IURA EDITION 2007
Predmet:
Tagy: Pridať tag
Žiadne tagy, Buďte prvý, kto otaguje tento záznam!

MARC

LEADER 00000nas2a2200000 4500
001 0129613
005 20110521095644.7
022 |a 1337-5938 
041 0 |a slo 
044 |a SK 
245 1 0 |a Finančný sprostredkovateľ a poradca v praxi  |b odborný mesačník pre oblasť finančných služieb 
264 1 |a Bratislava  |b IURA EDITION  |c 2007 
773 0 |w eu_un_cat*0064939 
610 2 0 |a služby finančné 
610 2 0 |a poradenstvo finančné 
610 2 0 |a trh finančný